|
|
|
|
| LEADER |
00000nam a2200000 i 4500 |
| 001 |
1/11764 |
| 008 |
110131s2008 eng d |
| 020 |
|
|
|a 978-0-387-09615-5
|
| 035 |
|
|
|l 10109532
|
| 040 |
|
|
|a GR-MY-UA
|b gre
|e aacr
|
| 041 |
0 |
|
|a eng
|
| 082 |
0 |
|
|a 519.5360285
|2 (22)
|
| 100 |
1 |
|
|a Ritz, Christian.
|
| 245 |
1 |
0 |
|a Nonlinear regression with R /
|c Christian Ritz, Jens Carl Streibig
|
| 260 |
|
|
|a New York :
|b Springer,
|c c2008
|
| 300 |
|
|
|a xi, 144 σ.;
|b εικ.;
|c 24 εκ.
|
| 490 |
1 |
|
|a Use R!
|
| 504 |
|
|
|a Περιέχει βιβλιογραφικές αναφορές και ευρετήριο
|
| 650 |
0 |
0 |
|a Regression analysis
|x Data processing.
|
| 650 |
0 |
0 |
|a Nonlinear theories.
|
| 650 |
0 |
0 |
|a R (Computer program language)
|
| 700 |
1 |
|
|a Streibig, Jens C.
|
| 830 |
|
0 |
|a Using R!
|
| 852 |
|
|
|a INST
|b SAMOS
|e 20110131
|h 519.5360285 RIT
|p 005300033022
|q 005300033022
|t BK
|y 0
|
| 901 |
|
|
|a BIBL3-2011-1
|
| 909 |
|
|
|a Σ
|b 166838
|
| 922 |
|
|
|a 3ΕΛΗ
|b 201011
|c ΤΣΑΧΜ
|d ΜΙΧΑΛΟΠΟΥΛΟΣ
|
| 970 |
|
|
|a ΚΟΣΙΕΡΗΣ
|b ΧΡΗΣΤΟΣ
|z 2011/01/31
|